[Event "ARA Cto de Aragon por Equipos Division de Honor Global"]
[Site "Aragon"]
[Date "2021.05.29"]
[Round "9.18"]
[White "Pellicer Cerezuela, Miguel"]
[Black "Roche Simon, Manuel Angel"]
[Result "1/2-1/2"]
[WhiteElo "2029"]
[BlackElo "2046"]
[PlyCount "0"]
[WhiteTeam "L'Aurora"]
[BlackTeam "Delicias"]
[EventDate "2021.03.13"]

1. d4 d5 2. Nf3 e6 3. e3 c5 4. Bd3 Nf6 5. O-O a6 6. b3 Nc6 7. Bb2 cxd4 8. exd4
Bd6 9. Nbd2 b5 10. Ne5 Bb7 11. f4 Qb6 12. Nxc6 Bxc6 13. Kh1 O-O 14. f5 Qc7 15.
Nf3 exf5 16. Bxf5 g6 17. Bd3 Ng4 18. Qe1 Rae8 19. Qh4 f5 20. Bc1 Be7 21. Bg5
Bxg5 22. Qxg5 Qe7 23. Qxe7 Rxe7 24. h3 Ne3 25. Rf2 f4 26. Ne5 Be8 27. c4 bxc4
28. bxc4 dxc4 29. Nxc4 Bb5 30. Nxe3 fxe3 31. Rxf8+ Kxf8 32. Bxb5 axb5 33. Kg1
Re4 34. Re1 Ke7 35. Kf1 Kd6 36. Ke2 Kd5 37. Rb1 Rxd4 38. Rxb5+ Ke4 39. Rb2 Ra4
40. Rc2 h5 41. g3 g5 42. Rb2 h4 43. gxh4 gxh4 44. a3 1/2-1/2

[Event "ARA Cto de Aragon por Equipos Division de Honor Global"]
[Site "Aragon"]
[Date "2021.05.29"]
[Round "9.19"]
[White "Llanes Luno, Pedro Alfredo"]
[Black "Pellicer Cemeli, Jose Luis"]
[Result "0-1"]
[WhiteElo "2005"]
[BlackElo "1972"]
[PlyCount "0"]
[WhiteTeam "Delicias"]
[BlackTeam "L'Aurora"]
[EventDate "2021.03.13"]

1. e4 c5 2. Nf3 g6 3. d4 cxd4 4. Nxd4 Bg7 5. Be3 Nc6 6. Nc3 Nf6 7. Bc4 Qa5 8.
O-O Qb4 9. Bb3 Nxe4 10. Nd5 Qa5 11. Nxc6 bxc6 12. Nxe7 Kxe7 13. Bd4 Kf8 14. Re1
d5 15. Rxe4 dxe4 16. Bc5+ Kg8 17. Qd6 Bf5 18. Qe7 h5 19. Bd4 Rf8 20. Bxa7 Bf6
21. Qb7 Kg7 22. a4 Bc8 23. Qa8 Be6 24. Qb7 Bxb3 25. cxb3 Qd5 26. a5 Bxb2 27.
Rf1 Qxa5 0-1

[Event "ARA Cto de Aragon por Equipos Division de Honor Global"]
[Site "Aragon"]
[Date "2021.05.29"]
[Round "9.20"]
[White "Hinojar Basa, Alfonso"]
[Black "Fernandez Rubio, Rafael"]
[Result "0-1"]
[WhiteElo "2163"]
[BlackElo "2066"]
[PlyCount "0"]
[WhiteTeam "Marcos Frechin"]
[BlackTeam "Tauste"]
[EventDate "2021.03.13"]

1. e4 d6 2. d4 Nf6 3. Nc3 Nbd7 4. Nf3 e5 5. Bc4 Be7 6. a4 O-O 7. a5 c6 8. O-O
Rb8 9. Re1 b5 10. axb6 axb6 11. Bd3 b5 12. Ne2 c5 13. c3 c4 14. Bb1 Bb7 15. Ng3
Re8 16. b3 Ra8 17. Ba3 Bf8 18. Bc2 Qc7 19. bxc4 bxc4 20. Qe2 exd4 21. Nxd4 d5
22. Bxf8 Rxa1 23. Rxa1 Kxf8 24. f3 dxe4 25. fxe4 Ne5 26. Rf1 Neg4 27. Qf3 Kg8
28. Qf4 Qxf4 29. Rxf4 Ne3 30. Kf2 Nxc2 31. Nxc2 Bxe4 32. Ne3 Bd3 33. Nxc4 Rc8
34. Ne5 Rxc3 35. Nxd3 Rxd3 36. Ra4 g6 37. h3 Kg7 38. Ra6 h5 39. Ra4 Rb3 40. Rd4
g5 41. Ne4 Nh7 42. Nd2 Ra3 43. g3 Kg6 44. Nc4 Ra6 45. Ne5+ Kg7 46. Nf3 f6 47.
g4 Kg6 48. Rd7 Nf8 49. Rd2 Ne6 50. gxh5+ Kxh5 51. Kg3 Nc5 52. Rd4 f5 53. Nd2
Ra2 54. Rd5 Rxd2 55. Rxc5 f4+ 56. Kf3 Rd3+ 57. Kg2 Rg3+ 58. Kh2 Kh4 59. Rc8
Rxh3+ 60. Kg2 Rg3+ 61. Kh2 Ra3 62. Rc2 g4 63. Rb2 Re3 64. Kg2 f3+ 65. Kf2 Re2+
0-1

[Event "ARA Cto de Aragon por Equipos Division de Honor Global"]
[Site "Aragon"]
[Date "2021.05.29"]
[Round "9.21"]
[White "Sancho Casale, Jesus"]
[Black "Jario Garcia, Ricardo"]
[Result "1/2-1/2"]
[WhiteElo "1924"]
[BlackElo "2045"]
[PlyCount "0"]
[WhiteTeam "Tauste"]
[BlackTeam "Marcos Frechin"]
[EventDate "2021.03.13"]

1. e4 c5 2. Nf3 g6 3. d4 cxd4 4. Nxd4 Bg7 5. c4 Nc6 6. Be3 d6 7. Nc3 Nf6 8. Be2
O-O 9. O-O a5 10. b3 a4 11. Rc1 Bd7 12. f3 Qa5 13. Ncb5 Ne5 14. Qd2 Qxd2 15.
Bxd2 axb3 16. axb3 Bxb5 17. Nxb5 Ra2 18. Rfd1 Nfd7 19. Nc3 Rb2 20. Rb1 Rxb1 21.
Rxb1 Ra8 22. Kf1 Nc6 23. Nb5 Nd4 24. Nxd4 Bxd4 25. Bg5 f6 26. Rd1 e5 27. Bd2
Kf7 28. Rc1 Ra2 29. Be1 Nc5 30. b4 Ne6 31. c5 dxc5 32. bxc5 Ra1 33. Rxa1 Bxa1
34. Bc4 Bd4 35. Bf2 Bc3 36. Bd5 Bb4 1/2-1/2

[Event "ARA Cto de Aragon por Equipos Division de Honor Global"]
[Site "Aragon"]
[Date "2021.05.29"]
[Round "9.22"]
[White "Moya Gimeno, Raul"]
[Black "Muro Turon, Raul"]
[Result "1-0"]
[WhiteElo "1870"]
[BlackElo "1842"]
[PlyCount "0"]
[WhiteTeam "Marcos Frechin"]
[BlackTeam "Tauste"]
[EventDate "2021.03.13"]

1. e4 e5 2. Nf3 Nc6 3. Bc4 Nf6 4. d3 Bc5 5. c3 d6 6. Bb3 O-O 7. Nbd2 a5 8. Nf1
Be6 9. Bc2 d5 10. Qe2 Ng4 11. Ne3 Nxe3 12. Bxe3 Bxe3 13. fxe3 dxe4 14. dxe4 Qe7
15. Qb5 Bd7 16. Qd5 Rfd8 17. O-O a4 18. Rad1 Ra5 19. Qd2 Be6 20. Qf2 Bxa2 21.
Rxd8+ Qxd8 22. Ra1 Be6 23. Rxa4 f6 24. Rxa5 Nxa5 25. Nd2 Qd6 26. Qe2 Qc5 27.
Qd3 Nc6 28. Bb3 Kf7 29. Bxe6+ Kxe6 30. Kf2 g6 31. b4 Qd6 32. Qc4+ Kd7 33. Ke2
Ne7 34. Nb3 b6 35. Nd2 c6 36. Qa6 b5 37. Nb3 Ke8 38. Nc5 Qc7 39. h3 f5 40. Qa2
fxe4 41. Nxe4 Nd5 42. Qa8+ Kf7 43. Qh8 h5 44. Ng5+ Ke7 45. Qg7+ Kd6 46. Qxg6+
Kd7 47. Qe6+ 1-0

[Event "ARA Cto de Aragon por Equipos Division de Honor Global"]
[Site "Aragon"]
[Date "2021.05.29"]
[Round "9.23"]
[White "San Lazaro Lorente, David"]
[Black "Sanz Parron, Laura"]
[Result "1/2-1/2"]
[WhiteElo "1798"]
[BlackElo "1508"]
[PlyCount "0"]
[WhiteTeam "Tauste"]
[BlackTeam "Marcos Frechin"]
[EventDate "2021.03.13"]

1. d4 d5 2. Bf4 Nf6 3. e3 e6 4. Bd3 Bd6 5. Bg3 O-O 6. Nf3 c5 7. c3 Qc7 8. Nbd2
Nbd7 9. Qc2 c4 10. Be2 b5 11. Bxd6 Qxd6 12. O-O Bb7 13. b3 a6 14. bxc4 bxc4 15.
Rab1 Bc6 16. Rb2 Rab8 17. Rfb1 Rxb2 18. Rxb2 Rb8 19. Bd1 h6 20. Rxb8+ Qxb8 21.
Qb1 Qxb1 22. Nxb1 Ne4 23. Kf1 Nb6 24. Nfd2 Nd6 25. Ke1 Ba4 26. h3 g6 27. g3
1/2-1/2

[Event "ARA Cto de Aragon por Equipos Division de Honor Global"]
[Site "Aragon"]
[Date "2021.05.29"]
[Round "9.24"]
[White "Garza Marco, Sergio"]
[Black "Abril Avellanas, Eduardo"]
[Result "1-0"]
[WhiteElo "2399"]
[BlackElo "2159"]
[PlyCount "0"]
[WhiteTeam "Helios"]
[BlackTeam "Atletismo Huesca"]
[EventDate "2021.03.13"]

1. d4 Nf6 2. c4 c5 3. d5 e5 4. Nc3 d6 5. e4 Nbd7 6. g3 g6 7. Bg2 Bg7 8. Nf3 O-O
9. Bg5 a6 10. a4 Qe8 11. Nh4 Kh8 12. O-O b6 13. Qc2 Ng8 14. Bd2 Qe7 15. Nd1 Bf6
16. Nf3 Bg7 17. Ne3 Ndf6 18. b4 cxb4 19. Bxb4 Bd7 20. Nd2 Nh5 21. Bf3 Ngf6 22.
a5 bxa5 23. Rxa5 Rfb8 24. Bc3 Bf8 25. Rfa1 Bc8 26. c5 dxc5 27. Ndc4 Nd7 28. d6
Qe8 29. Nd5 Qe6 30. Qe2 Rb3 31. Bg4 f5 32. Bxh5 gxh5 33. Nc7 Qf6 34. Nxa8 Rxc3
35. Nc7 Bb7 36. Qb2 Rxc4 37. Qxb7 fxe4 38. Nd5 Qe6 39. Rxa6 Rd4 40. Ne3 h4 41.
Ra7 Rxd6 42. Qxe4 h3 43. Rb1 Nf6 44. Qh4 Rd2 45. Ng4 Nd7 46. Qxh3 Qf5 47. Re1
h5 48. Rxd7 1-0

[Event "ARA Cto de Aragon por Equipos Division de Honor Global"]
[Site "Aragon"]
[Date "2021.05.29"]
[Round "9.25"]
[White "Luis Vitalla, Fernando"]
[Black "Calvo Simon, Jorge"]
[Result "0-1"]
[WhiteElo "2123"]
[BlackElo "2188"]
[PlyCount "0"]
[WhiteTeam "Atletismo Huesca"]
[BlackTeam "Helios"]
[EventDate "2021.03.13"]


1. Nf3 g6 2. b3 Bg7 3. d4 c5 4. e3 Nc6 5. Bb2 cxd4 6. exd4 d5 7. c4 Nf6 8. Nc3
Bg4 9. Be2 dxc4 10. O-O cxb3 11. Qxb3 Bxf3 12. Bxf3 Nxd4 13. Qa4+ b5 14. Nxb5
Nxf3+ 15. gxf3 O-O 16. Rac1 Rb8 17. Be5 Rb7 18. Nd4 Qd5 19. f4 Nh5 20. Nc6 Qf3
21. Bxg7 Nxf4 22. Qxf4 Qxf4 23. Bxf8 Qg4+ 24. Kh1 Qf3+ 25. Kg1 Kxf8 26. Ne5 Qd5
27. Nc4 Rb4 28. Rfd1 Qf3 29. Re1 0-1

[Event "ARA Cto de Aragon por Equipos Division de Honor Global"]
[Site "Aragon"]
[Date "2021.05.29"]
[Round "9.26"]
[White "Cerrajeria Ruiz, Jesus Maria"]
[Black "Salamero Pelay, Fernando"]
[Result "0-1"]
[WhiteElo "2125"]
[BlackElo "2059"]
[PlyCount "0"]
[WhiteTeam "Helios"]
[BlackTeam "Atletismo Huesca"]
[EventDate "2021.03.13"]

1. Nf3 g6 2. e4 Bg7 3. d4 d6 4. Bc4 e6 5. O-O b6 6. Qe2 a6 7. e5 d5 8. Bd3 Ne7
9. h4 c5 10. dxc5 bxc5 11. c4 Nbc6 12. Nc3 Qc7 13. cxd5 exd5 14. Bf4 Bg4 15.
Qe3 d4 16. e6 dxe3 17. exf7+ Kd8 18. Bxc7+ Kxc7 19. fxe3 Bxf3 20. gxf3 Bxc3 21.
bxc3 Ne5 22. Be4 Rab8 23. f4 Nxf7 24. Bd3 Rb2 25. Bxa6 Ra8 26. Bc4 Nd6 27. Be6
Nef5 28. Rf2 Rab8 29. Re1 Ne4 30. Rxb2 Rxb2 0-1

[Event "ARA Cto de Aragon por Equipos Division de Honor Global"]
[Site "Aragon"]
[Date "2021.05.29"]
[Round "9.27"]
[White "Gella Bitrian, Diego"]
[Black "Lorente Melcon, Maximo"]
[Result "1-0"]
[WhiteElo "2052"]
[BlackElo "1838"]
[PlyCount "0"]
[WhiteTeam "Atletismo Huesca"]
[BlackTeam "Helios"]
[EventDate "2021.03.13"]

1. e4 c5 2. Nf3 e6 3. d4 cxd4 4. Nxd4 Nf6 5. Nc3 Nc6 6. Ndb5 Bb4 7. a3 Bxc3+ 8.
Nxc3 d5 9. exd5 exd5 10. Bd3 O-O 11. O-O Re8 12. Bf4 Bg4 13. f3 Bd7 14. Qd2 Ne5
15. Be2 Bc6 16. Qd4 Ng6 17. Bg5 h6 18. Bxf6 Qxf6 19. Qxf6 gxf6 20. Rfd1 Rad8
21. Rd4 Rb8 22. Kf2 b5 23. g3 Ne7 24. Rf4 Kg7 25. Nd1 a5 26. c3 Ng6 27. Rd4 Re5
28. f4 Re4 29. Rd2 Rbe8 30. Bf3 R4e7 31. Rd3 Nf8 32. Ne3 Rd7 33. Rad1 Red8 34.
Bxd5 Ne6 35. c4 Nc5 36. Rd4 Nb3 37. R4d3 Nc5 38. Rc3 Bxd5 39. cxd5 Ne4+ 40. Ke2
Nxc3+ 41. bxc3 h5 42. Rb1 Re8 43. Kd2 Rxe3 44. Kxe3 Rxd5 45. Ke4 Rc5 46. Kd4
Rc4+ 47. Kd3 Rc5 48. Rb2 f5 49. Re2 Kf6 50. Re8 Rd5+ 51. Kc2 Rc5 52. Kb3 Rd5
53. Rh8 Kg6 54. Ra8 a4+ 55. Kb4 Rd2 56. Kxb5 Rxh2 57. c4 Rg2 58. c5 Rxg3 59.
Rg8+ Kh6 60. Rxg3 h4 61. Rg8 Kh7 62. Rg5 Kh6 63. c6 h3 64. c7 1-0

[Event "ARA Cto de Aragon por Equipos Division de Honor Global"]
[Site "Aragon"]
[Date "2021.05.29"]
[Round "9.28"]
[White "Arrieta Restrepo, Steven"]
[Black "Dominguez Bujeda, Jesus"]
[Result "1/2-1/2"]
[WhiteElo "2052"]
[BlackElo "2086"]
[PlyCount "0"]
[WhiteTeam "Monzon"]
[BlackTeam "Teruel"]
[EventDate "2021.03.13"]

1. e4 c5 2. Nc3 g6 3. Bc4 Nc6 4. d3 Bg7 5. f4 e6 6. Nf3 Nge7 7. a3 O-O 8. O-O
d5 9. Ba2 Nd4 10. Nxd4 cxd4 11. Ne2 dxe4 12. dxe4 Nc6 13. Qd3 Qb6 14. b4 e5 15.
fxe5 Nxe5 16. Qg3 Be6 17. Bxe6 fxe6 18. Rxf8+ Rxf8 19. Bb2 Nc4 20. Bc1 e5 21.
Qd3 Nd6 22. c4 dxc3+ 23. Be3 Qc6 24. Nxc3 a6 25. Rc1 Rd8 26. Nd5 Qe8 27. Rd1
Qf7 28. Bb6 Rd7 29. Bc5 Bf8 30. Rf1 Qe6 31. Nb6 Rf7 32. Bxd6 Rxf1+ 33. Kxf1
Bxd6 34. Qd5 Qxd5 35. Nxd5 Kf7 1/2-1/2

[Event "ARA Cto de Aragon por Equipos Division de Honor Global"]
[Site "Aragon"]
[Date "2021.05.29"]
[Round "9.29"]
[White "Carraminana Lopez, Luis Antonio"]
[Black "Garreta Crespo, Blas"]
[Result "1/2-1/2"]
[WhiteElo "1922"]
[BlackElo "1767"]
[PlyCount "0"]
[WhiteTeam "Teruel"]
[BlackTeam "Monzon"]
[EventDate "2021.03.13"]

1. e4 d5 2. exd5 Qxd5 3. Nc3 Qd6 4. d4 Nf6 5. Nf3 a6 6. Ne5 Nc6 7. Bf4 Nd5 8.
Ne4 Qd8 9. Bc4 Nxe5 10. dxe5 c6 11. O-O Bf5 12. Qf3 Nxf4 13. Qxf4 e6 14. Rfd1
Qc7 15. Rd2 Be7 16. Rad1 Rd8 17. Rxd8+ Bxd8 18. Ng3 Bxc2 19. Rd2 Bg6 20. Qd4
O-O 21. Ne4 Be7 22. Nd6 Rd8 23. Qg4 Bf5 24. Qf4 Bxd6 25. exd6 Qd7 26. g4 Bg6
27. h4 h6 1/2-1/2

[Event "ARA Cto de Aragon por Equipos Division de Honor Global"]
[Site "Aragon"]
[Date "2021.05.29"]
[Round "9.30"]
[White "Garreta Nieto, Maria"]
[Black "Arpa Pardos, Emilio"]
[Result "1/2-1/2"]
[WhiteElo "1759"]
[BlackElo "1905"]
[PlyCount "0"]
[WhiteTeam "Monzon"]
[BlackTeam "Teruel"]
[EventDate "2021.03.13"]

1. d4 Nf6 2. c4 e6 3. Nc3 Bb4 4. Bd2 Nc6 5. e3 Bxc3 6. Bxc3 Ne4 7. Qc2 Nxc3 8.
Qxc3 Qf6 9. Nf3 d6 10. Be2 e5 11. d5 Ne7 12. O-O Bg4 13. h3 Bxf3 14. Bxf3 Ng6
15. Rac1 Nh4 16. Be2 h5 17. f4 Qg6 18. Rf2 Qg3 19. Qb3 e4 20. Qxb7 O-O 21. Qb3
f5 22. Rcf1 Rf6 23. Bxh5 Rh6 24. Bd1 Rg6 25. Bh5 Nf3+ 26. Bxf3 exf3 27. Qc2
fxg2 28. Rxg2 Qxe3+ 29. Qf2 Rxg2+ 30. Kxg2 Qe4+ 31. Qf3 Qxc4 32. b3 Qe4 33. Rf2
Qb4 34. Qd3 Rf8 35. Qc4 Qxc4 36. bxc4 Rb8 37. Rc2 Kf7 38. Kf3 1/2-1/2

[Event "ARA Cto de Aragon por Equipos Division de Honor Global"]
[Site "Aragon"]
[Date "2021.05.29"]
[Round "9.31"]
[White "Perez Dominguez, Carlos Gines"]
[Black "Buil Solana, Mario"]
[Result "1/2-1/2"]
[WhiteElo "1571"]
[BlackElo "1426"]
[PlyCount "0"]
[WhiteTeam "Teruel"]
[BlackTeam "Monzon"]
[EventDate "2021.03.13"]

1. c4 e5 2. e4 Nf6 3. Nc3 Bc5 4. Be2 d6 5. h3 Nc6 6. Nf3 Nd4 7. d3 c6 8. Bg5
Qb6 9. Qd2 Nd7 10. O-O Nf8 11. Nxd4 Bxd4 12. Be3 Ne6 13. Bg4 O-O 14. Rab1 a5
15. Ne2 d5 16. Nxd4 Nxd4 17. Bxc8 Raxc8 18. exd5 cxd5 19. Bxd4 Qxd4 20. cxd5
Qxd5 21. b3 Rfd8 22. Rfd1 e4 23. d4 Rc6 24. Qe3 Rcd6 25. Rd2 Qc6 26. Rbd1
1/2-1/2

[Event "Cto de Aragon por Equipos Preferente"]
[Site ""]
[Date "2021.05.29"]
[Round "9.32"]
[White "Flores Samperiz, Jorge"]
[Black "Gracia Campo, Carlos Alberto"]
[Result "0-1"]
[WhiteElo "1939"]
[BlackElo "2065"]
[PlyCount "0"]
[WhiteTeam "Helios B"]
[BlackTeam "El Olivar B"]
[EventDate "2021.03.13"]


1. d4 Nf6 2. c4 g6 3. Nc3 Bg7 4. e4 d6 5. f3 O-O 6. Be3 Nbd7 7. Qd2 c5 8. d5
Ne5 9. h3 Nh5 10. Bf2 f5 11. O-O-O f4 12. Bd3 a6 13. Nge2 Bd7 14. Qc2 b5 15. b3
Rb8 16. Kd2 Qa5 17. Rb1 bxc4 18. bxc4 Rb4 19. Rhc1 Ba4 20. Nxa4 Rxb1+ 21. Nec3
Rxc1 22. Kxc1 Rb8 23. Be1 Qb4 24. Kd2 Nxc4+ 25. Ke2 Ne3 26. Qc1 Nxg2 27. Bxa6
Nxe1 28. Kxe1 Ra8 29. a3 Qd4 30. Bb5 Qg1+ 31. Kd2 Qxc1+ 32. Kxc1 Bxc3 33. Nxc3
Rxa3 34. Kb2 Rxc3 35. Kxc3 Kf7 36. Bd7 Kf6 37. Kc4 Ke5 38. Kd3 Ng3 39. Be6 g5
40. Bd7 Nf1 41. Bf5 h6 42. Bg6 Ne3 43. Bh5 Nd1 44. Ke2 Nb2 45. Kd2 Kd4 46. Be8
Nd3 47. Bb5 c4 48. Ba4 c3+ 49. Ke2 Nb2 50. Bd7 Kc4 51. Be6 Kb3 52. e5 c2 53.
exd6 exd6 54. Kd2 Nd3 55. Kxd3 c1=Q 0-1

[Event "Cto de Aragon por Equipos Preferente"]
[Site ""]
[Date "2021.05.29"]
[Round "9.34"]
[White "Lorente Melcon, Nicolas"]
[Black "Arinez Bruna, Octavio"]
[Result "1-0"]
[WhiteElo "1681"]
[BlackElo "1873"]
[PlyCount "0"]
[WhiteTeam "Helios B"]
[BlackTeam "El Olivar B"]
[EventDate "2021.03.13"]

1. e4 c5 2. Nc3 Nc6 3. Bb5 Nd4 4. Bc4 e6 5. Nge2 Ne7 6. O-O g6 7. d3 Bg7 8. Bg5
a6 9. a4 h6 10. Bf4 d5 11. Ba2 O-O 12. Re1 Re8 13. exd5 exd5 14. Nxd4 cxd4 15.
Nxd5 Nxd5 16. Rxe8+ Qxe8 17. Bxd5 Qe7 18. Qd2 g5 19. Bg3 Bf5 20. Re1 Qd7 21.
Bb3 Rc8 22. Qe2 Be6 23. Bxe6 Qxe6 24. Qxe6 fxe6 25. Re2 h5 26. Kf1 Kf7 27. Ke1
Rc5 28. Bd6 Rc6 29. Bb4 g4 30. Kd1 Kg6 31. Re4 Kf5 32. Be7 b5 33. a5 Be5 34. g3
Rc8 35. Kd2 Bg7 36. Bd6 Rc6 37. Bb8 Bh6+ 38. Kd1 Bg7 39. Ba7 Rd6 40. Bc5 Rd5
41. Bb6 Rd6 42. Kc1 Bh6+ 43. Kb1 Bg7 44. Ka2 Bf6 45. Kb3 e5 46. Kb4 Be7 47. Kb3
Bd8 48. Bc5 Rc6 49. Bb4 Bf6 50. Re2 Rc7 51. c3 Rc6 52. Re4 Rc8 53. Bd6 Rc6 54.
Bb8 Bd8 55. Rxe5+ Kg6 56. cxd4 Bxa5 57. d5 Rc8 58. Ba7 Rd8 59. Be3 Bc7 60. Rg5+
Kf6 61. Rxh5 a5 62. Bg5+ 1-0

[Event "Cto de Aragon por Equipos Preferente"]
[Site ""]
[Date "2021.05.29"]
[Round "9.35"]
[White "Munoz Valles, Jorge"]
[Black "Lacamara Pasamar, Miguel"]
[Result "0-1"]
[WhiteElo "1668"]
[BlackElo "1639"]
[PlyCount "0"]
[WhiteTeam "El Olivar B"]
[BlackTeam "Helios B"]
[EventDate "2021.03.13"]

1. d4 Nf6 2. c4 c5 3. d5 d6 4. Nc3 e6 5. e4 g6 6. Bg5 Bg7 7. f4 h6 8. Bh4 Qa5
9. Bd3 exd5 10. cxd5 c4 11. Bc2 O-O 12. Nge2 Ng4 13. Qd2 b5 14. Be7 b4 15. Nd1
Bxb2 16. Nxb2 c3 17. Qd4 cxb2 18. Qxb2 Re8 19. Bxd6 b3+ 20. Nc3 bxc2 21. Qxc2
Rxe4+ 22. Qxe4 Qxc3+ 23. Ke2 Ba6+ 0-1

[Event "Cto de Aragon por Equipos Preferente"]
[Site ""]
[Date "2021.05.29"]
[Round "9.36"]
[White "Sancho Cortes, Miguel Angel"]
[Black "Iglesias Fernandez, Luis"]
[Result "1-0"]
[WhiteElo "2039"]
[BlackElo "1847"]
[PlyCount "0"]
[WhiteTeam "Marie Curie"]
[BlackTeam "Palacio De Pioneros C"]
[EventDate "2021.03.13"]

1. e4 g6 2. d4 d6 3. Nf3 Bg7 4. Be2 Nf6 5. Nc3 O-O 6. O-O e5 7. dxe5 dxe5 8.
Qxd8 Rxd8 9. Bc4 Nc6 10. Ng5 Rf8 11. Be3 a6 12. Bc5 h6 13. Bxf8 hxg5 14. Bxg7
Kxg7 15. a4 Nd4 16. Rfc1 Bd7 17. f3 Rh8 18. Ne2 Ne6 19. Rd1 g4 20. Ra3 Bc6 21.
b4 gxf3 22. gxf3 Ng5 23. b5 Nh3+ 24. Kg2 Bd7 25. bxa6 bxa6 26. Rxd7 Nxd7 27.
Bxa6 Nf4+ 28. Nxf4 exf4 29. Rc3 Nb8 30. Bb7 c6 31. a5 Rh5 32. Ra3 1-0

[Event "Cto de Aragon por Equipos Preferente"]
[Site ""]
[Date "2021.05.29"]
[Round "9.37"]
[White "Sanjuan Segura, Ignacio"]
[Black "Sanchez Perez, Carlos"]
[Result "1-0"]
[WhiteElo "1694"]
[BlackElo "1497"]
[PlyCount "0"]
[WhiteTeam "Palacio De Pioneros C"]
[BlackTeam "Marie Curie"]
[EventDate "2021.03.13"]

1. d4 d6 2. e4 Nd7 3. Nf3 e6 4. c4 Be7 5. Nc3 Nb6 6. Bd3 Bd7 7. O-O h6 8. Qe2
Nf6 9. e5 Nh7 10. Qc2 Nf8 11. Be3 Bc6 12. d5 exd5 13. Bxb6 axb6 14. cxd5 Bd7
15. Rae1 Bg4 16. Bb5+ Bd7 17. e6 Bxb5 18. Nxb5 Rc8 19. exf7+ Kxf7 20. Nbd4 Bf6
21. Ne6 Qd7 22. Qb3 Ng6 23. Re4 Rhe8 24. Rc1 Kg8 25. Rce1 Kh8 26. g3 Re7 27.
Qd3 Ne5 28. Nxe5 Bxe5 29. h3 c6 30. Nf4 Qf5 31. Ng2 Bf6 32. Nf4 Re5 33. Rxe5
1-0

[Event "Cto de Aragon por Equipos Preferente"]
[Site ""]
[Date "2021.05.29"]
[Round "9.39"]
[White "Garcia Monterde, Francisco Jose"]
[Black "Olivan Lopez, Dario"]
[Result "0-1"]
[WhiteElo "1850"]
[BlackElo "1910"]
[PlyCount "0"]
[WhiteTeam "IberCaja B"]
[BlackTeam "Utebo San Lamberto"]
[EventDate "2021.03.13"]


1. Nf3 Nf6 2. g3 g6 3. Bg2 Bg7 4. c4 c5 5. Nc3 Nc6 6. d4 cxd4 7. Nxd4 O-O 8.
O-O Ng4 9. e3 Nge5 10. b3 d6 11. Bb2 Bg4 12. f3 Bd7 13. Nce2 Qc8 14. Nxc6 bxc6
15. Qd2 Rb8 16. Rac1 Qa6 17. Ba1 Qb6 18. c5 Qb4 19. Qxb4 Rxb4 20. cxd6 exd6 21.
e4 d5 22. exd5 cxd5 23. f4 Ng4 24. Bxg7 Kxg7 25. Rfd1 Ne3 26. Rd3 Nxg2 27. Kxg2
Bf5 28. Rd4 Rb6 29. Rcd1 Bg4 30. R1d2 Rd8 31. h3 Be6 32. g4 h5 33. Kf3 hxg4+
34. hxg4 Rc6 35. R4d3 Rh8 36. Kg3 Rcc8 37. Nd4 Rh1 38. f5 gxf5 39. Nxf5+ Bxf5
40. gxf5 Rcc1 41. Rxd5 Rcf1 42. Rg2 Kf6 43. Rd6+ Kxf5 44. Rd7 Kg5 45. Rxa7 f5
46. Rg7+ Kf6 47. Rg8 f4+ 48. Kg4 Kf7 49. Rg5 Rh8 50. Rf5+ Ke6 51. Re2+ Kd6 52.
Rg2 Rg8+ 53. Rg5 Rxg5+ 54. Kxg5 f3 55. Rd2+ Ke5 56. Kg4 Ke4 57. Rd8 Rg1+ 58.
Kh3 f2 59. Re8+ Kd5 0-1

[Event "Cto de Aragon por Equipos Preferente"]
[Site ""]
[Date "2021.05.29"]
[Round "9.40]
[White "Lopez Guaita, Fernando"]
[Black "Garcia Acin, Pablo"]
[Result "1/2-1/2"]
[WhiteElo "1830"]
[BlackElo "1623"]
[PlyCount "0"]
[WhiteTeam "Utebo San Lamberto"]
[BlackTeam "IberCaja B"]
[EventDate "2021.03.13"]

1. e4 c5 2. Nf3 d6 3. d3 g6 4. g3 Bg7 5. Bg2 Nc6 6. O-O Nf6 7. Nbd2 O-O 8. c3
Qc7 9. Re1 Rb8 10. Nb3 b5 11. d4 c4 12. Nbd2 e6 13. Qe2 Nd7 14. Nf1 e5 15. d5
Ne7 16. Be3 f5 17. Ng5 Nf6 18. f3 h6 19. Ne6 Bxe6 20. dxe6 g5 21. exf5 Nxf5 22.
Bh3 Nd5 23. Rad1 Nde7 24. Qd2 Rf6 25. f4 gxf4 26. gxf4 Rg6+ 27. Ng3 Nxg3 28.
hxg3 Rxg3+ 29. Kh2 exf4 30. Bxf4 Rd3 31. Qg2 Kh8 32. Rxd3 1/2-1/2

[Event "Cto de Aragon por Equipos Preferente"]
[Site ""]
[Date "2021.05.29"]
[Round "9.41"]
[White "Barranco Castillo, Jose Antonio"]
[Black "Orti Stock, Carlos"]
[Result "1-0"]
[WhiteElo "1588"]
[BlackElo "1826"]
[PlyCount "0"]
[WhiteTeam "IberCaja B"]
[BlackTeam "Utebo San Lamberto"]
[EventDate "2021.03.13"]

1. e4 e5 2. Nf3 Nc6 3. Bb5 a6 4. Ba4 Nf6 5. O-O b5 6. Bb3 Be7 7. Re1 O-O 8. d3
d6 9. c3 Nb8 10. Nbd2 c5 11. Nf1 Be6 12. Bc2 Re8 13. d4 Bg4 14. h3 Bxf3 15.
Qxf3 cxd4 16. cxd4 Nbd7 17. Be3 Rc8 18. Rac1 Qa5 19. Bb1 Qb4 20. dxe5 dxe5 21.
b3 Red8 22. Bd2 Qa3 23. Ne3 Qb2 24. Nf5 Bf8 25. Bc3 Qa3 26. Rcd1 Qc5 27. Bb2
Qb4 28. a3 Qa5 29. b4 Qb6 30. Re2 a5 31. bxa5 Qxa5 32. Red2 b4 33. Ba2 bxa3 34.
Ba1 Qa4 35. Nd6 Bxd6 36. Rxd6 Qa5 37. Rxd7 Rxd7 38. Rxd7 Rc1+ 39. Kh2 Rxa1 40.
Qb3 1-0

[Event "Cto de Aragon por Equipos Preferente"]
[Site ""]
[Date "2021.05.29"]
[Round "9.42"]
[White "Arias Alvarez, Alberto"]
[Black "Torcal Miguel, Paula"]
[Result "1-0"]
[WhiteElo "1717"]
[BlackElo "1587"]
[PlyCount "0"]
[WhiteTeam "Utebo San Lamberto"]
[BlackTeam "IberCaja B"]
[EventDate "2021.03.13"]

1. e4 e5 2. Nf3 Nc6 3. d4 exd4 4. Nxd4 Bc5 5. Nxc6 bxc6 6. Bd3 d6 7. O-O Nf6 8.
Bg5 h6 9. Bh4 Rb8 10. b3 Be6 11. Nd2 O-O 12. Kh1 Bd4 13. Rc1 Bb2 14. Rb1 Bc3
15. f4 Bxd2 16. Qxd2 Nxe4 17. Bxe4 Qxh4 18. Bxc6 Rb6 19. Bd5 Re8 20. Rbe1 Qf6
21. Qa5 Qf5 22. Qa4 Rf8 23. Be4 Qc5 24. Qxa7 d5 25. Bd3 Rc8 26. Qa4 Rd8 27. f5
Bd7 28. Qh4 Ra8 29. a4 Rb4 30. Qg3 Re8 31. f6 g5 32. Rxe8+ Bxe8 33. Qh3 Rh4 34.
Qf5 1-0

[Event "Cto de Aragon por Equipos Preferente"]
[Site ""]
[Date "2021.05.29"]
[Round "9.44"]
[White "Cebollada Pacheco, Jesus Raul"]
[Black "Dominguez Luzon, Fernando"]
[Result "1/2-1/2"]
[WhiteElo "1970"]
[BlackElo "1940"]
[PlyCount "0"]
[WhiteTeam "MyInvestor Casablanca B"]
[BlackTeam "Delicias B"]
[EventDate "2021.03.13"]

1. e4 c5 2. Nf3 d6 3. d4 cxd4 4. Qxd4 Nc6 5. Bb5 Bd7 6. Bxc6 Bxc6 7. Nc3 Nf6 8. Bg5 e6 9. O-O-O Be7 
10. Qd3 Qa5 11. h4 h6
 12. Be3 Ng4 13. Bd4 e5 14. Be3 Nxe3 15. Qxe3 b5 16. Kb1 Qc7 17. Nd5 Bxd5 1
8. Rxd5 a6 19. Nd2 Rc8 20. Qd3 Qb6 21. Qe2 Rc5
 22. Qe3 Qc7 23. Rxc5 dxc5 24. c4 O-O 25. g4 Rd8 
26. g5 Qd6 27. Kc2 h5 28. Qe2 g6 29. Rd1 Qc6 30. Nf3 Rxd1 31. Kxd1 f6 32.
gxf6 Bxf6 33. Qd3 Kg7 
1/2-1/2

[Event "Cto de Aragon por Equipos Preferente"]
[Site ""]
[Date "2021.05.29"]
[Round "9.45"]
[White "Gaspar Calvo, Luis Alberto"]
[Black "Torres Montes, Juan"]
[Result "1/2-1/2"]
[WhiteElo "1901"]
[BlackElo "1629"]
[PlyCount "0"]
[WhiteTeam "Delicias B"]
[BlackTeam "MyInvestor Casablanca B"]
[EventDate "2021.03.13"]



1. c4 e6 2. Nc3 Nf6 3. e4 d5 4. e5 d4 5. exf6 dxc3 6. bxc3 Qxf6 7. d4 b6 8. Nf3 h6 9. Be2 Bd6 
10. O-O O-O 11. Re1 Bb7 12.
Rb1 Be4 13. Rb5 c5 14. Ne5 Bxe5 15. dxe5 Qg6 16. Bf3 Bxf3 17. Qxf3 Nd7 
18. Qb7 Rfd8 19. f4 Qd3 20. Qe4 Qxe4 21. Rxe4 Nf6
 22. Re1 Ne4 23. Rb3 Nd2 24. Bxd2 Rxd2 
1/2-1/2